Las Alternativas para la política post-autoritaria

El trabajo es preparado para la Conferencia "Economic Development and Democracy", por Albert Hirschman. Este autor en uno de sus trabajos, introduce la noción del "Desarrollo Antagónico", aplicando el mismo concepto a la esfera política, Hirschman analiza la situación de un régim...

Ful tanımlama

Kaydedildi:
Detaylı Bibliyografya
Yazar: Foxley, Alejandro
Materyal Türü: Metin
Baskı/Yayın Bilgisi: s. l.: s. ed.
Konular:
Etiketler: Etiketle
Etiket eklenmemiş, İlk siz ekleyin!

MARC

LEADER 00000 a a2200000 04500
001 4523
003
040
090 |a 117500  
100 |a Foxley, Alejandro  
245 |a Las Alternativas para la política post-autoritaria  
260 |a s. l.:   |b s. ed.  
300 |a 51 p  
520 |a El trabajo es preparado para la Conferencia "Economic Development and Democracy", por Albert Hirschman. Este autor en uno de sus trabajos, introduce la noción del "Desarrollo Antagónico", aplicando el mismo concepto a la esfera política, Hirschman analiza la situación de un régimen democrático pluralista en el que dos partidos aplican, desde el Estado, programas alternativos y antagónicos. El trabajo concentra la atención en dos temas: el primero se refiere a los procesos de escalada y radicalización de las soluciones económicas y políticas que caracterizó a la forma pre-autoritaria de hacer política en varios países de América Latina. Estos procesos tienen relación directa como señala Hirschman con la alta propensión a los experimentos políticos en que algunos países han incrurrido en el pasado reciente. En la primera sección del trabajo explora la siguiente interrogante ¿Cómo se ha dado esta interrelación entre escalada ideológica y experimentos políticos?, enfocándolo desde la perspectiva de un observador y participante en varios de estos procesos desde los años sesenta en Chile. En las secciones posteriores del trabajo, se aborda el tema de las opciones y disyuntivas existentes, tales como las formas de hacer política después de la experiencia autoritaria, aprovechando las lecciones que puedan extraerse de los experimentos que la antecedieron. Se analiza los dilemas en el caso chileno, a la luz del análisis comparativo con otros casos nacionales. Los temas tratados en detalle son: la radicalización de las ideas y su relación con el desarrollo antagónico y las catástrofes políticas, las alternativas en la política post-autoritaria, las tendencias y perspectivas. HB/MR  
650 |a POLITICA  
650 |a DEMOCRACIA  
650 |a PARTIDOS POLITICOS  
650 |a PROBLEMAS POLITICOS  
650 |a RECESION ECONOMICA  
650 |a IDEOLOGIAS  
999 |c 10929  |d 10929